ბათუმის შოთა რუსთაველის სახელმწიფო უნივერსიტეტის ბიბლიოთეკა

Таблицы интегральных преобразовании. т.2 Преобразования Бесселя. Интегралы (ბიბ.ჩანაწერი № 47974)

000 -LEADER
fixed length control field 00752nam a2200217Ia 4500
001 - CONTROL NUMBER
control field 14852
003 - CONTROL NUMBER IDENTIFIER
control field GE_BSU
008 - FIXED-LENGTH DATA ELEMENTS--GENERAL INFORMATION
fixed length control field 181216s||||||||xx |||||||||||||| ||und||
040 ## - CATALOGING SOURCE
Transcribing agency GE_BSU
080 ## - UNIVERSAL DECIMAL CLASSIFICATION NUMBER
Universal Decimal Classification number 517.44(083.4)
100 ## - MAIN ENTRY--PERSONAL NAME
Personal name Бейтмен,Г. Эрдейн, А.
245 ## - TITLE STATEMENT
Title Таблицы интегральных преобразовании. т.2 Преобразования Бесселя. Интегралы
260 ## - PUBLICATION, DISTRIBUTION, ETC.
Place of publication, distribution, etc. Москва
260 ## - PUBLICATION, DISTRIBUTION, ETC.
Name of publisher, distributor, etc. Наука
260 ## - PUBLICATION, DISTRIBUTION, ETC.
Date of publication, distribution, etc. 1970
300 ## - PHYSICAL DESCRIPTION
Extent 327стр.23см.
300 ## - PHYSICAL DESCRIPTION
Accompanying material указатель стр.325-327
653 ## - INDEX TERM--UNCONTROLLED
Uncontrolled term Преобразования Бесселя. Интегралы
653 ## - INDEX TERM--UNCONTROLLED
Uncontrolled term Таблицы интегральных преобразовании.
942 ## - ADDED ENTRY ELEMENTS (KOHA)
Koha item type წიგნი
ეგზემპლარები
Withdrawn status Lost status Damaged status Not for loan Date acquired Barcode Date last seen Price effective from Koha item type
        2018-12-17 18021 2018-12-17 2018-12-17 წიგნი
        2018-12-17 18022 2018-12-17 2018-12-17 წიგნი